000 00477cam a2200193ua 4500
001 12948
008 160314n2011 II |||gr||||Z||||||eng
040 _aMAIN
041 _aEnglish
082 _a510 MAT
245 _aA CLASS BOOK OF MATHEMATICS (for XI)
250 _aREV.
260 _aNEW DELHI
_bS.CHAND & COMPANY
_c2011
300 _a447:
_c20CM.
653 _aMathematics
700 _aCHAKRAVARTY, DR. ,
_eAuthor.,
700 _aBHAGAWATI,B.,
_eAUTHOR.
942 _cBK
999 _c12835
_d12835